000 00485nam a2200169Ia 4500
008 090201s9999 xx 000 0 und d
010 _aKPL-16609
040 _bमराठी
041 _aमराठी
082 _a40356
_b16609
100 _aबाळ गाडगीळ
245 _aफिरकी
_cबाळ गाडगीळ
260 _c2004
_bमेनका प्रकाशन
300 _a147
_bमोठा
600 _aफिरकी
942 _cBOOK
999 _c237615
_d237615